The noble scholar, jurist, historian


 His Excellency Dr. Abdul Wahhab bin Ibrahim Abu Sulaiman, may Allah have mercy on him.


 He was born in Umm Al-Qura in the year 1356 AH.

نظام القضاء في الإسلام : (Record no. 7748)

MARC details
000 -LEADER
fixed length control field 01337cam a22002531i 4500
003 - CONTROL NUMBER IDENTIFIER
control field SA-RiAUC
005 - DATE AND TIME OF LATEST TRANSACTION
control field 20250509155641.0
008 - FIXED-LENGTH DATA ELEMENTS--GENERAL INFORMATION
fixed length control field 250508s1984 su g f00000 ara c
040 ## - CATALOGING SOURCE
Original cataloging agency SA-RiAUC
Language of cataloging ara
Transcribing agency SA-RiAUC
Description conventions rda
082 04 - DEWEY DECIMAL CLASSIFICATION NUMBER
Classification number 257.5
Assigning agency SA-RiAUC
090 ## - LOCALLY ASSIGNED LC-TYPE CALL NUMBER (OCLC); LOCAL CALL NUMBER (RLIN)
Classification number (OCLC) (R) ; Classification number, CALL (RLIN) (NR) 257.5
Local cutter number (OCLC) ; Book number/undivided call number, CALL (RLIN) م ر ص
100 1# - MAIN ENTRY--PERSONAL NAME
Personal name المرصفاوي، جمال صادق
Relator term مؤلف.
245 10 - TITLE STATEMENT
Title نظام القضاء في الإسلام :
Remainder of title من البحوث المقدمة لمؤتمر الفقه الإسلامي الذي عقدته جامعة الإمام محمد بن سعود الإسلامية بالرياض سنة 1976 م /
Statement of responsibility, etc. لجمال صادق المرصفاوي، أحمد بن الشيخ عبد العزيز آل الشيخ مبارك، محمود الباجي.
264 #1 - PRODUCTION, PUBLICATION, DISTRIBUTION, MANUFACTURE, AND COPYRIGHT NOTICE
Place of production, publication, distribution, manufacture الرياض :
Name of producer, publisher, distributor, manufacturer جامعة الإمام محمد بن سعود الإسلامية،
Date of production, publication, distribution, manufacture, or copyright notice 1984
300 ## - PHYSICAL DESCRIPTION
Extent 232 صفحة ؛
Dimensions 24 سم
336 ## - CONTENT TYPE
Content type term نص
Content type code txt
Source rdacontent
Materials specified كتاب
337 ## - MEDIA TYPE
Media type term بدون وسيط
Media type code n
Source rdamedia
338 ## - CARRIER TYPE
Carrier type term مجلد
Carrier type code nc
Source rdacarrier
650 #7 - SUBJECT ADDED ENTRY--TOPICAL TERM
Topical term or geographic name entry element القضاء في الإسلام
Form subdivision مؤتمرات
Source of heading or term aucsh
700 1# - ADDED ENTRY--PERSONAL NAME
Personal name آل مبارك، أحمد بن عبد العزيز،
Dates associated with a name 1327-1409 هجري
Relator term مؤلف.
700 1# - ADDED ENTRY--PERSONAL NAME
Personal name الباجي، محمود،
Dates associated with a name 1906-1987‏
Relator term مؤلف.
942 ## - ADDED ENTRY ELEMENTS (KOHA)
Source of classification or shelving scheme Dewey Decimal Classification
Koha item type Books
Suppress in OPAC No
949 ## - LOCAL PROCESSING INFORMATION (OCLC)
a SA-JeALM
d 250508
u mohamedma123
n 1
Holdings
Withdrawn status Lost status Source of classification or shelving scheme Damaged status Not for loan Home library Current library Date acquired Total checkouts Full call number Barcode Date last seen Price effective from Koha item type
    Dewey Decimal Classification     DR AbdElwahab Library DR AbdElwahab Library 05/09/2025   257.5 م ر ص 000012946 05/09/2025 05/09/2025 Books